000 00439nam a22001577a 4500
003 OSt
005 20220915225808.0
008 220915b |||||||| |||| 00| 0 eng d
040 _cBiblioteca Lado V
082 _a700
_bAL472c
110 _aBanco de Costa Rica
245 _aI Confrontacion en el Arte/
260 _aCosta Rica
_bGalerĂ­a Nacional
300 _a139p.
_c22x28.5cm
942 _2ddc
_c1
_h700
_iAL472c
_n0
999 _c2050
_d2050